| 000 | 01062namaa22003131i 4500 | ||
|---|---|---|---|
| 003 | EG-GICUC | ||
| 005 | 20251123124343.0 | ||
| 008 | 251123s2001 le ||||jr|||| 000 0 ara d | ||
| 040 |
_aEG-GiCUC _bara _cEG-GiCUC _dEG-GiCUC _erda |
||
| 043 | _ama----- | ||
| 082 | 0 | 4 |
_221 _a081 _bQ11 |
| 092 | 0 | 4 |
_221 _a081 _bQ11 |
| 099 | _a081 Q11 2001 | ||
| 100 | 1 |
_aالقصيمى، عبد الله _eمؤلف. |
|
| 245 | 1 |
_aأيها العار إن المجد لك / _cعبد الله القصيمى |
|
| 250 | _aالطبعة الثانية | ||
| 264 |
_aبيروت ( لبنان) : _bالانتشار العربى، _c2001 |
||
| 300 |
_a؛ 491 صفحة _c24 سم |
||
| 336 |
_2rdacontent _atext |
||
| 337 |
_2rdamedia _aUnmediated |
||
| 338 |
_2rdacarrier _avolume |
||
| 541 |
_aد. جابر عصفور ؛ _bالقاهرة ؛ _cإهداء ؛ _d2024. |
||
| 650 | 1 | 7 |
_aالمقالات العربية _2qrmak |
| 650 | 1 | 7 |
_aالمقالات _xمجموعات _2qrmak |
| 650 | 1 | 7 |
_aالعرب _xمقالات |
| 651 | 1 | _2qrmak | |
| 905 | _aHuda | ||
| 942 |
_2ddc _cBK _e21 _n0 |
||
| 999 |
_c176120 _d176120 |
||